Statistics for Thailand Quiz

Click here to take the quiz!

General Stats

  • This quiz has been taken 48 times
  • The average score is 6 of 10

Answer Stats

QuestionAnswer% Correct
What is the official language in Thailand?Thai
98%
What is "Krung Thep"?Bangkok
88%
What currency that we use in Thailand?Baht
86%
What is the Thai National Animal?Elephant
71%
How to say Hello in Thai?Sawasdee
71%
How many characters in Thai Alphabet?44
67%
How many provinces are there in Thailand?77
60%
What is the biggest province in Thailand?Nakhon Ratchasima
26%
What is the Thai National Dish?Tom Yum Kung
21%
Where is the Death Railway located?Kanchanaburi
17%

Score Distribution

Percentile by Number Answered

Percent of People with Each Score

Your Score History

You have not taken this quiz